000 00764cam a22002533a 4500
001 20399
003 PGUSA
005 20140828083430.0
008 070119s2007||||xxu|||||s|||||000 1 eng d
040 _aPGUSA
_beng
042 _adc
050 4 _aPR
100 1 _aMaclaren, Ian,
_d1850-1907
245 1 0 _aKate Carnegie and Those Ministers
_h[electronic resource] /
_cIan Maclaren
260 _bProject Gutenberg,
_c2007
506 _aPublic domain in the USA.
516 _aElectronic text
653 _aDomestic fiction
653 _aScotland -- Social life and customs -- 19th century -- Fiction
653 _aCountry life -- Scotland -- Fiction
830 0 _aProject Gutenberg
_v20399
856 4 0 _uhttp://www.gutenberg.org/ebooks/20399
942 _cEB
999 _c249654
_d249654